000 00394 a2200169 4500
001 189233
020 _a978-85-249-1758-5
040 _cMagnum
100 _aFreitas, Marcos Cezar de
240 1 0 _aAs asas do burro de Einstein
_lpor
245 1 0 _aAs asas do burro de Einstein
300 _a79
362 0 _a2011
440 1 _aCortez
697 _aLITERATURA INFANTO-JUVENIL
942 _cBK
999 _c189233
_d189233